Instruccions per a l'ensenyança dels minyons : toms I i II / Baldiri Reixac ; pròleg de Salomó Marquès ; edició a cura de Sadurní Martí i Francesc Feliu toms I i II / Baldiri Reixac ; pròleg de Salomó Marquès ; edició a cura de Sadurní Martí i Francesc Feliu
Descripción Física:
47, 599 p. ; 20 cm
Colección:
Textos pedagògics ; 30
MARC
| LEADER | 00000nam a2200000Ia 4500 | ||
|---|---|---|---|
| 001 | 9811 | ||
| 008 | 160829s1992 xx 000 0 cat d | ||
| 080 | |a E-1-147 | ||
| 100 | |a Reixac i Carbó, Baldiri |9 25780 | ||
| 245 | |a Instruccions per a l'ensenyança dels minyons : |b toms I i II / Baldiri Reixac ; pròleg de Salomó Marquès ; edició a cura de Sadurní Martí i Francesc Feliu | ||
| 260 | |a Vic : |b Eumo ; Barcelona : |b Diputació de Barcelona, |c 1992 | ||
| 300 | |a 47, 599 p. ; |c 20 cm | ||
| 490 | |a Textos pedagògics ; 30 | ||
| 650 | |a Educació |x Catalunya |x Obres anteriors a 1800 |9 25781 | ||
| 700 | |a Marquès i Sureda, Salomó, pr. |9 45585 | ||
| 700 | |a Martí, Sadurní, ed. |9 25783 | ||
| 700 | 1 | |a Feliu i Torrent, Francesc |9 25784 | |
| 710 | 1 | |a Barcelona (Catalunya : Província). |b Diputació |9 52408 | |
| 901 | |a Arxiu | ||
| 942 | |n 1 | ||
| 952 | |0 0 |1 0 |4 0 |6 E1147 |7 1 |9 43795 |a Arxiu |b Arxiu |d 2016-12-01 |l 0 |o E-1-147 |p 9811 |r 2016-12-01 00:00:00 |w 2016-12-01 |y ARXIU | ||
| 999 | |c 46343 |d 46343 | ||